Ika

Bibliographic Details
Main Author: Abd. Talib Hassan
Format: Book
Published: Kuala Lumpur : Creative Enterprise , 1993

MARC

LEADER 00000cam a2200000 7i4500
001 0000009378
002 000010212
005 20011126.0
020 |a 9838930164 
090 0 0 |a F   |b ABD 
100 0 |a Abd. Talib Hassan 
245 1 0 |a Ika   |c Abd.Talib Hassan 
260 |a Kuala Lumpur :   |b Creative Enterprise ,   |c 1993 
300 |a 90p. ;   |c 21cm. 
999 |a 044818   |b BUKU   |c PINJAMAN   |e PERPUSTAKAAN KOMUNITI CAW KOTA DAMANSARA